000 00744nam a2200181Ia 4500
003 GCL
008 140319s9999 xx 000 0 ara d
040 _aGCL /
_cGCL
082 0 4 _a413.1
_bا ز
100 1 _aابن الانبارى : ابوبكر محمد بن القاسم محمد بن بشار بن الحسن بن بيان
245 1 0 _aالزاهر فى معانى كلمات الناس /
_cابن الانبارى : ابوبكر محمد بن القاسم محمد بن بشار بن الحسن بن بيان
700 1 _aصالح الضامن
700 1 _aعز الدين البدوى النجار (محقق)
490 _a
650 0 4 _aالامثال
650 0 4 _aاللغة العربية - المعاجم
942 _2ddc
_cBK
999 _c41509
_d41509